00329nam a22001097a 4500003000400000020001500004082001900019100004500038245005100083260007700134300000800211SGT a9296041060 a891.4309bA96B aबजाज,जितेन्द्र a अन्न बहु कुर्वीत  bसमाजनीति समीक्षण केंद्र c1996 a237